Giardia and cryptosporidium (Record no. 3487)
[ view plain ]
| 000 -LEADER | |
|---|---|
| fixed length control field | 01283nam a2200325Ia 4500 |
| 082 04 - DEWEY DECIMAL CLASSIFICATION NUMBER | |
| Classification number | 616.9/3601 |
| 245 00 - TITLE STATEMENT | |
| Title | Giardia and cryptosporidium |
| 260 ## - PUBLICATION, DISTRIBUTION, ETC. (IMPRINT) | |
| Place of publication | Wallingford, Oxfordshire, UK ; |
| -- | Cambridge, MA : |
| Name of publisher | CABI, |
| Year of publication | c2008. |
| 300 ## - PHYSICAL DESCRIPTION | |
| Number of Pages | xv, 502 p. |
| 650 #0 - SUBJECT ADDED ENTRY--TOPICAL TERM | |
| Topical Term | Giardia. |
| Topical Term | Cryptosporidium. |
| Topical Term | Giardiasis |
| 700 1# - ADDED ENTRY--PERSONAL NAME | |
| Personal name | Ortega-Pierres, Guadalupe. |
| 856 40 - ELECTRONIC LOCATION AND ACCESS | |
| Uniform Resource Identifier | http://site.ebrary.com/lib/rucke/Doc?id=10281497 |
No items available.
